[Event "8th Lost Boys op"]
[Site "Amsterdam NED"]
[Date "2000.08.13"]
[Round "3"]
[White "Peng, Zhaoqin"]
[Black "Van der Werf, Mark"]
[Result "0-1"]
[WhiteElo "2403"]
[BlackElo "2429"]
[EventDate "2000.08.11"]
[PlyCount "130"]

1.d4 d5 2.c4 e6 3.Nc3 c6 4.e3 Bd6 5.Bd3 f5 6.g4 Nf6 7.gxf5 exf5 8.cxd5 
cxd5 9.Qf3 Nc6 10.Nge2 Ne7 11.Bd2 Bd7 12.O-O-O Qb6 13.Qg2 g6 14.f3 O-O-O 
15.Be1 Rhe8 16.Bh4 Bc7 17.Kb1 Kb8 18.Rc1 Ka8 19.Rhe1 Rc8 20.Bg5 Neg8 21.
Qf2 h6 22.Bf4 g5 23.Bg3 a6 24.h4 Bxg3 25.Nxg3 Ne7 26.hxg5 hxg5 27.Qc2 Rh8 
28.Ka1 Qe6 29.Qg2 Qd6 30.Nf1 g4 31.Ne2 Rcg8 32.Nf4 Ng6 33.Nxg6 Rxg6 34.a3 
Rhg8 35.fxg4 Rxg4 36.Qc2 Ne4 37.Qc7 Qxc7 38.Rxc7 Bc8 39.Bxe4 dxe4 40.Nd2 
Be6 41.Rcc1 Rh8 42.Re2 Rg3 43.Kb1 Rhh3 44.Rce1 Kb8 45.Nf1 Rg1 46.Nd2 Rg7 
47.Kc2 Kc7 48.b3 b5 49.Nb1 Rgg3 50.Nd2 Kd6 51.Kc3 Kc6 52.a4 Bd5 53.axb5+ 
Kxb5 54.Kc2 Rg7 55.Rf2 Rf7 56.Rg2 Kb4 57.Rg6 Rc7+ 58.Kb2 Rh2 59.Rd1 f4 60.
Rb6+ Ka5 61.Rd6 fxe3 62.Ra1+ Kb5 63.Rxd5+ Kb6 64.Re5 exd2 65.Rd1 Re2 0-1

[Event "8th Lost Boys op"]
[Site "Amsterdam NED"]
[Date "2000.08.13"]
[Round "3"]
[White "Van der Weide, Karel"]
[Black "Erwich, Marc"]
[Result "1/2-1/2"]
[WhiteElo "2467"]
[BlackElo "2205"]
[EventDate "2000.08.11"]
[PlyCount "143"]

1.e4 e5 2.Nf3 Nc6 3.Bb5 a6 4.Bxc6 dxc6 5.O-O f6 6.d4 Bg4 7.dxe5 Qxd1 8.
Rxd1 fxe5 9.Rd3 Bd6 10.Nbd2 b5 11.b4 Nf6 12.Bb2 Nd7 13.a4 Ke7 14.Ba3 a5 
15.bxa5 Rxa5 16.axb5 Rxa3 17.Raxa3 Bxa3 18.bxc6 Bd6 19.cxd7 Bxd7 20.Nc4 
Bb5 21.Nxd6 cxd6 22.Rc3 Ra8 23.Ne1 Ra1 24.Re3 Ba4 25.c3 Ke6 26.h3 Bc6 27.
Kh2 Ra4 28.f3 Bb5 29.Nc2 Ra2 30.Nb4 Rb2 31.Re1 g5 32.h4 gxh4 33.Rc1 Bd7 
34.Ra1 Kf6 35.Nd5+ Kg5 36.Ra7 Be6 37.Rg7+ Kh6 38.Re7 Bxd5 39.exd5 Rc2 40.
Re6+ Kg5 41.Rxd6 Rxc3 42.Re6 Kf5 43.Re7 Rd3 44.Rxh7 Rxd5 45.Rxh4 Rd2 46.
Re4 Ra2 47.Kh3 Rb2 48.g4+ Kf6 49.Kg3 Rb3 50.Ra4 Rc3 51.Ra6+ Kf7 52.Kf2 Rb3
53.Ra4 Kf6 54.Re4 Ra3 55.Re3 Ra1 56.Rb3 Ra6 57.Ke3 Rc6 58.Ra3 Rb6 59.Ra4 
Rc6 60.Ra8 Rc3+ 61.Ke4 Rc4+ 62.Kd3 Rb4 63.Ra6+ Kf7 64.Ke3 Rc4 65.g5 Rf4 
66.Rb6 Rf5 67.g6+ Kg7 68.Re6 Rf8 69.Ra6 Rf5 70.Rb6 Rf8 71.Re6 Rf5 72.Ra6 
1/2-1/2

[Event "8th Lost Boys op"]
[Site "Amsterdam NED"]
[Date "2000.08.13"]
[Round "3"]
[White "Leer-Salvesen, Bjarte"]
[Black "Saravanan, Venkat"]
[Result "1-0"]
[WhiteElo "2277"]
[BlackElo "2412"]
[EventDate "2000.08.11"]
[PlyCount "71"]

1.c4 g6 2.g3 Bg7 3.Bg2 e5 4.Nc3 Nc6 5.Nf3 f5 6.d3 d6 7.O-O Nf6 8.Rb1 a5 9.
a3 O-O 10.b4 axb4 11.axb4 h6 12.b5 Ne7 13.c5 Nd7 14.cxd6 cxd6 15.Qb3+ Kh7 
16.Ba3 Nc5 17.Bxc5 dxc5 18.Na4 e4 19.Ne1 Qd6 20.Qc2 e3 21.fxe3 Nd5 22.Bxd5
Rxa4 23.Qxa4 Qxd5 24.e4 Qd6 25.exf5 Bd4+ 26.Kh1 gxf5 27.Ng2 Rg8 28.Rf3 b6 
29.Rbf1 Re8 30.e4 fxe4 31.Rf7+ Kg8 32.dxe4 Qg6 33.Qa7 Bh3 34.R7f4 c4 35.
Qb7 c3 36.Qd5+ 1-0

[Event "8th Lost Boys op"]
[Site "Amsterdam NED"]
[Date "2000.08.13"]
[Round "3"]
[White "Blokhuis, Jeroen"]
[Black "Kidambi, Sundararajan"]
[Result "1/2-1/2"]
[WhiteElo "2240"]
[BlackElo "2404"]
[EventDate "2000.08.11"]
[PlyCount "103"]

1.e4 c5 2.Nc3 e6 3.Nge2 a6 4.g3 b5 5.Bg2 Bb7 6.O-O d6 7.d3 Nf6 8.h3 Qc7 9.
f4 Be7 10.g4 b4 11.Nb1 d5 12.e5 Nfd7 13.Ng3 Nc6 14.Nd2 Nb6 15.c3 g6 16.Nf3
h5 17.g5 a5 18.Be3 a4 19.Bd2 a3 20.b3 bxc3 21.Bxc3 Ba6 22.Qe2 Nb4 23.Bxb4 
cxb4 24.Rac1 Qa7 25.Kh2 Nd7 26.Nh4 Qd4 27.Qf3 Qxd3 28.Qf2 O-O 29.Rfe1 Qb5 
30.Qf3 Rfc8 31.f5 Rxc1 32.fxg6 fxg6 33.Nxg6 Bxg5 34.Rxc1 Bxc1 35.Ne7+ Kg7 
36.Nxh5+ Kh6 37.Qf7 Qd3 38.Ng3 Rf8 39.Qxe6+ Kh7 40.Nxd5 Kh8 41.Ne7 Nc5 42.
Qg4 Bc8 43.Qh4+ Qh7 44.Ng6+ Kg7 45.Qe7+ Rf7 46.Qxc5 Qxg6 47.Qxc1 Bb7 48.e6
Qxe6 49.Qg5+ Qg6 50.Qe5+ Kh7 51.Ne4 Bxe4 52.Bxe4 1/2-1/2

[Event "8th Lost Boys op"]
[Site "Amsterdam NED"]
[Date "2000.08.13"]
[Round "3"]
[White "Ravi, Thandalam Shanmugam"]
[Black "Soderberg, Per"]
[Result "1-0"]
[WhiteElo "2385"]
[BlackElo "2261"]
[EventDate "2000.08.11"]
[PlyCount "137"]

1.e4 c5 2.c3 e5 3.Nf3 Nc6 4.d4 cxd4 5.cxd4 exd4 6.Nxd4 Bc5 7.Nb3 Bb4+ 8.
Bd2 Qe7 9.Bd3 Nf6 10.O-O O-O 11.Re1 Ne5 12.Bf1 Nfg4 13.h3 Bxd2 14.Qxd2 Nf6
15.Nc3 d6 16.f4 Ng6 17.Rad1 Ne8 18.g3 a6 19.Nd4 Qd8 20.Bg2 Ne7 21.Kh2 Rb8 
22.Qe2 Qa5 23.Rd2 Bd7 24.e5 dxe5 25.Nb3 Qc7 26.Qxe5 Be6 27.Nc5 Nc6 28.Nxe6
Qxe5 29.Rxe5 fxe6 30.Rxe6 Nc7 31.Bxc6 Nxe6 32.Bd5 Rbe8 33.Re2 Rf6 34.f5 
Rxf5 35.Bxe6+ Rxe6 36.Rxe6 Rf2+ 37.Kg1 Rxb2 38.Re2 Rb4 39.Rf2 Rd4 40.Kg2 
b5 41.Ne2 Rd6 42.g4 g6 43.Ng3 Kg7 44.Ne4 Rc6 45.Kf3 h6 46.Ke3 a5 47.Rd2 
Rc1 48.Rd7+ Kg8 49.Ra7 a4 50.Rb7 Rc2 51.Rxb5 Rxa2 52.Kf4 a3 53.Ra5 Ra1 54.
Nc3 Kg7 55.Kg3 Kf6 56.Kg2 Kg7 57.Ra7+ Kg8 58.Nb5 Rb1 59.Nxa3 Rb2+ 60.Kg3 
Rb3+ 61.Kh4 g5+ 62.Kh5 Rxh3+ 63.Kg6 Kf8 64.Nc4 Rh4 65.Nd6 Rxg4 66.Rf7+ Kg8
67.Nf5 Rf4 68.Nxh6+ Kh8 69.Rh7# 1-0

[Event "8th Lost Boys op"]
[Site "Amsterdam NED"]
[Date "2000.08.13"]
[Round "3"]
[White "Konguvel, Ponnuswamy"]
[Black "Konings, Frans"]
[Result "1-0"]
[WhiteElo "2377"]
[BlackElo "2162"]
[EventDate "2000.08.11"]
[PlyCount "85"]

1.e4 c5 2.Nf3 Nc6 3.d4 cxd4 4.Nxd4 Nf6 5.Nc3 e5 6.Ndb5 d6 7.Bg5 a6 8.Na3 
b5 9.Nd5 Be7 10.Bxf6 Bxf6 11.c3 O-O 12.Nc2 Bg5 13.a4 bxa4 14.Rxa4 Bb7 15.
Bc4 Na5 16.Ba2 Bc6 17.Ra3 Bb5 18.b3 Rc8 19.c4 Bc6 20.b4 Bxd5 21.Qxd5 Nc6 
22.Rxa6 Qc7 23.O-O Rfd8 24.Rd1 h6 25.Bb3 Ne7 26.Qd3 Ng6 27.g3 Qb7 28.Rda1 
Qd7 29.Ra7 Qg4 30.f3 Qh5 31.Ne1 Nf8 32.Rb7 Ne6 33.Ng2 Nd4 34.Bd1 Qh3 35.
Raa7 Nc6 36.Qd5 Qe6 37.Qxe6 fxe6 38.Rxg7+ Kh8 39.Rh7+ Kg8 40.Rag7+ Kf8 41.
f4 Bf6 42.Rg6 Be7 43.Bh5 1-0

[Event "8th Lost Boys op"]
[Site "Amsterdam NED"]
[Date "2000.08.13"]
[Round "3"]
[White "Van den Berg, Adrianus M. J."]
[Black "Berkvens, Joost"]
[Result "0-1"]
[WhiteElo "2217"]
[BlackElo "2364"]
[EventDate "2000.08.11"]
[PlyCount "74"]

1.e4 c5 2.Nf3 d6 3.d4 cxd4 4.Qxd4 a6 5.c4 Nc6 6.Qd2 Nf6 7.Nc3 g6 8.b3 Bg7 
9.Bb2 O-O 10.h3 Rb8 11.Bd3 b5 12.cxb5 axb5 13.O-O Qa5 14.Rfe1 b4 15.Nd1 
Rd8 16.Rc1 Bb7 17.Bb1 Qa8 18.Nd4 e5 19.Nxc6 Bxc6 20.Rc4 d5 21.Rxb4 Nxe4 
22.Bxe4 dxe4 23.Rxb8 Qxb8 24.Qa5 h5 25.Ne3 Bb5 26.a4 Bd3 27.b4 f5 28.Nd5 
Qd6 29.Nc3 Rc8 30.Qd5+ Qxd5 31.Nxd5 Rc2 32.Ba1 Ra2 33.a5 Kf7 34.Rc1 Bh6 
35.Ne3 Bxe3 36.fxe3 f4 37.Bxe5 f3 0-1

[Event "8th Lost Boys op"]
[Site "Amsterdam NED"]
[Date "2000.08.13"]
[Round "3"]
[White "Van Blitterswijk, Stefan"]
[Black "Molinari, Gabriel"]
[Result "0-1"]
[WhiteElo "2351"]
[BlackElo "2121"]
[EventDate "2000.08.11"]
[PlyCount "84"]

1.e4 c5 2.Nf3 d6 3.d4 cxd4 4.Nxd4 Nf6 5.Nc3 g6 6.Be3 Bg7 7.f3 Nc6 8.Qd2 
O-O 9.Bc4 Bd7 10.O-O-O Rc8 11.Bb3 Ne5 12.h4 Nc4 13.Bxc4 Rxc4 14.Kb1 h5 15.
Nd5 e6 16.Nxf6+ Qxf6 17.c3 Rfc8 18.Bg5 Qe5 19.Bf4 Qa5 20.Nb3 Qb5 21.Qxd6 
Be8 22.Qe7 a5 23.Qg5 e5 24.Be3 a4 25.Rd5 Qa6 26.Nc5 Qc6 27.Rhd1 f6 28.Qg3 
Bf7 29.Rd8+ Rxd8 30.Rxd8+ Kh7 31.Qf2 a3 32.Nb3 Qa4 33.Qd2 Rc7 34.Nc5 Qb5 
35.b4 Qf1+ 36.Qd1 Qxg2 37.Rd2 Qh3 38.Bf2 b6 39.Rd7 Rxd7 40.Nxd7 Qg2 41.Qe1
Qxf3 42.Kc2 b5 0-1

[Event "8th Lost Boys op"]
[Site "Amsterdam NED"]
[Date "2000.08.13"]
[Round "3"]
[White "Van Oosterom, Erik"]
[Black "Nio Bertholee, Rob"]
[Result "1/2-1/2"]
[WhiteElo "2194"]
[BlackElo "2343"]
[EventDate "2000.08.11"]
[PlyCount "160"]

1.c4 Nf6 2.Nc3 c5 3.Nf3 Nc6 4.g3 d5 5.cxd5 Nxd5 6.Qa4 f6 7.Qe4 Nb6 8.Bg2 
e5 9.O-O Be6 10.Nh4 Qd7 11.f4 f5 12.Qb1 exf4 13.gxf4 g5 14.Nf3 gxf4 15.Ng5
Bg8 16.d3 Nd5 17.Bxf4 Nxf4 18.Rxf4 Bd6 19.Rf2 O-O-O 20.Qf1 Qe7 21.Rxf5 Nd4
22.Nce4 Nxf5 23.Qxf5+ Kb8 24.Nxd6 Rxd6 25.Ne4 Rd5 26.Qf4+ Ka8 27.Rf1 Be6 
28.Ng3 Rd4 29.Qe5 Re8 30.Rf6 Rdd8 31.b3 Bg4 32.Qxe7 Rxe7 33.Be4 Kb8 34.Rh6
Rdd7 35.Rh4 Be6 36.Rh6 Bg4 37.Rh4 Be6 38.Rh6 Kc7 39.Kf2 a6 40.Ke1 Bg4 41.
Kd2 Kd8 42.Kc3 Rc7 43.Kd2 Ke8 44.Rh4 Be6 45.Nh5 Rf7 46.Nf4 Bf5 47.Bd5 Rg7 
48.Rh5 Bg4 49.Rh6 Rce7 50.Be4 Kf8 51.Nd5 Ref7 52.Nf6 Bc8 53.Nxh7+ Ke7 54.
h4 Bf5 55.Ng5 Rf6 56.Rh8 Bxe4 57.Nxe4 Rc6 58.h5 Rg1 59.Rh7+ Ke6 60.Rxb7 
Rh1 61.Rh7 Ra1 62.Nc3 Rh1 63.Nd1 Ke5 64.Ne3 Ra1 65.Nc4+ Kf4 66.e3+ Kg5 67.
a3 Rh1 68.b4 Rxh5 69.Rxh5+ Kxh5 70.Kc3 Kg5 71.bxc5 Rxc5 72.d4 Rb5 73.a4 
Rb1 74.d5 Kf6 75.Kd4 a5 76.e4 Rb4 77.e5+ Kf5 78.Kc5 Rxa4 79.d6 Ke6 80.d7 
Rxc4+ 1/2-1/2

[Event "8th Lost Boys op"]
[Site "Amsterdam NED"]
[Date "2000.08.13"]
[Round "3"]
[White "Van Harreveld, Frenk"]
[Black "Michiels, Bart"]
[Result "0-1"]
[WhiteElo "2307"]
[BlackElo "2055"]
[EventDate "2000.08.11"]
[PlyCount "71"]

1.c4 c5 2.g3 Nf6 3.Bg2 d5 4.cxd5 Nxd5 5.Nc3 Nc7 6.d3 Nc6 7.Be3 e5 8.f4 
exf4 9.Bxf4 Be7 10.Nf3 O-O 11.O-O Ne6 12.Be3 Ned4 13.Qc2 f6 14.Nh4 Be6 15.
Bh1 Qd7 16.Ng2 Bf7 17.Rac1 Nb4 18.b3 Rfe8 19.Ne4 b6 20.Nf4 Rad8 21.Qb2 f5 
22.Nc3 Bf6 23.Qd2 Nxa2 24.Qxa2 Rxe3 25.Ncd5 Nxe2+ 26.Nxe2 Bxd5 27.Bxd5+ 
Qxd5 28.Nf4 Qf7 29.Qc2 Bd4 30.Kh1 Qb7+ 31.Ng2 Rde8 32.Rxf5 Re1+ 33.Rf1 
R1e2 34.Qc4+ Kh8 35.Rg1 Bxg1 36.Rxg1 0-1

[Event "8th Lost Boys op"]
[Site "Amsterdam NED"]
[Date "2000.08.13"]
[Round "3"]
[White "Wortel, Marten"]
[Black "Peek, Marcel"]
[Result "1/2-1/2"]
[WhiteElo "2296"]
[BlackElo "2299"]
[EventDate "2000.08.11"]
[PlyCount "59"]

1.d4 d5 2.Nf3 Nc6 3.Bf4 Bg4 4.e3 e6 5.c4 Bb4+ 6.Nc3 Nge7 7.Qb3 O-O 8.Be2 
dxc4 9.Bxc4 Bxf3 10.gxf3 Bxc3+ 11.bxc3 Na5 12.Qb4 Nxc4 13.Qxc4 Ng6 14.Bg3 
Qf6 15.Ke2 Rac8 16.Rab1 c5 17.Rxb7 cxd4 18.Qxd4 e5 19.Qa4 Rxc3 20.Rd1 h5 
21.h4 Rfc8 22.Rd2 Rc1 23.Rxa7 Qe6 24.Ra8 Rxa8 25.Qxa8+ Kh7 26.Qd5 Qa6+ 27.
Qd3 Qa5 28.f4 exf4 29.Bxf4 Ra1 30.Bg3 1/2-1/2

[Event "8th Lost Boys op"]
[Site "Amsterdam NED"]
[Date "2000.08.13"]
[Round "3"]
[White "Rebers, Eugene"]
[Black "Egeli, Per Ove"]
[Result "1/2-1/2"]
[WhiteElo "2257"]
[BlackElo "2347"]
[EventDate "2000.08.11"]
[PlyCount "53"]

1.g3 c5 2.Bg2 g6 3.e4 Bg7 4.d3 Nc6 5.Nf3 d6 6.O-O e5 7.c3 Nge7 8.Nbd2 h6 
9.a4 Be6 10.Rb1 Qd7 11.b4 O-O 12.b5 Na5 13.c4 f5 14.exf5 gxf5 15.Bb2 Qc7 
16.Re1 Rad8 17.Qc2 Kh8 18.Bc3 Bg8 19.Qb2 Rd7 20.Nh4 Rf7 21.f4 exf4 22.
Bxg7+ Rxg7 23.Rxe7 Rxe7 24.Ng6+ Kh7 25.Nf8+ Kh8 26.Ng6+ Kh7 27.Nf8+ 
1/2-1/2

[Event "8th Lost Boys op"]
[Site "Amsterdam NED"]
[Date "2000.08.13"]
[Round "3"]
[White "Giddins, Stephen"]
[Black "Happel, Hendrik"]
[Result "1/2-1/2"]
[WhiteElo "2315"]
[BlackElo "2216"]
[EventDate "2000.08.11"]
[PlyCount "45"]

1.Nf3 Nf6 2.c4 e6 3.Nc3 b6 4.g3 Bb7 5.Bg2 Be7 6.O-O O-O 7.d4 c6 8.e4 d5 9.
e5 Ne4 10.cxd5 cxd5 11.Re1 Nxc3 12.bxc3 Nc6 13.Bf1 a5 14.Rb1 Ba6 15.Bxa6 
Rxa6 16.h4 Nb8 17.Ng5 h6 18.Nh3 Re8 19.Qg4 Kh8 20.Kg2 Bf8 21.Rh1 Ra7 22.
Nf4 Nc6 23.Nh5 1/2-1/2

[Event "8th Lost Boys op"]
[Site "Amsterdam NED"]
[Date "2000.08.13"]
[Round "3"]
[White "Hopman, Pieter"]
[Black "Werle, Jan"]
[Result "1-0"]
[WhiteElo "2188"]
[BlackElo "2311"]
[EventDate "2000.08.11"]
[PlyCount "43"]

1.d4 Nf6 2.Nf3 e6 3.e3 b6 4.Bd3 Bb7 5.Nbd2 d5 6.Ne5 Bd6 7.f4 O-O 8.Qf3 c5 
9.c3 Qe7 10.g4 Ne8 11.Qh3 g6 12.g5 Bxe5 13.dxe5 Na6 14.Qf1 c4 15.Bc2 d4 
16.exd4 Bxh1 17.Qxh1 Rc8 18.h4 h5 19.gxh6 f5 20.exf6 Nxf6 21.Nf3 Nd5 22.
Ne5 1-0

[Event "8th Lost Boys op"]
[Site "Amsterdam NED"]
[Date "2000.08.13"]
[Round "3"]
[White "Backelin, Rikard"]
[Black "Remmel, Tim"]
[Result "0-1"]
[WhiteElo "2306"]
[BlackElo "2225"]
[EventDate "2000.08.11"]
[PlyCount "92"]

1.c4 Nf6 2.Nc3 c5 3.e3 Nc6 4.d4 d6 5.Nf3 g6 6.Be2 Bg7 7.d5 Nb8 8.h3 O-O 9.
O-O e5 10.a3 e4 11.Nd2 Re8 12.Qc2 Qe7 13.b4 b6 14.bxc5 bxc5 15.Rb1 Nbd7 
16.Rb3 Ne5 17.Ncxe4 Nxe4 18.Nxe4 Bf5 19.f3 Qh4 20.Rf2 Bxe4 21.fxe4 Rab8 
22.Rb5 a6 23.Rxb8 Rxb8 24.Bf1 Qg3 25.Qa4 h5 26.Qc2 Bh6 27.Kh1 Bxe3 28.Bxe3
Qxe3 29.a4 Kg7 30.a5 Rb4 31.Rd2 Qa3 32.Rd1 Rb2 33.Qc1 Qa2 34.Kg1 Rb4 35.
Qg5 Qxa5 36.Qe7 Qb6 37.Kh2 a5 38.Be2 Qb8 39.Ra1 a4 40.Bd1 Rb7 41.Qg5 Rb1 
42.Rxb1 Qxb1 43.Bxa4 Qxe4 44.Bb5 Nxc4 45.Qc1 Qe5+ 46.Kh1 Ne3 0-1

[Event "8th Lost Boys op"]
[Site "Amsterdam NED"]
[Date "2000.08.13"]
[Round "3"]
[White "Stellwagen, Daniel"]
[Black "Doggers, Peter"]
[Result "0-1"]
[WhiteElo "2285"]
[BlackElo "2146"]
[EventDate "2000.08.11"]
[PlyCount "62"]

1.e4 c5 2.Nf3 d6 3.d4 cxd4 4.Nxd4 Nf6 5.Nc3 a6 6.f4 e5 7.Nf3 Nbd7 8.a4 Be7
9.Bd3 O-O 10.O-O Nc5 11.Kh1 exf4 12.Bxf4 Bg4 13.Qd2 Bh5 14.Nd4 Bg6 15.Nf5 
Bxf5 16.exf5 d5 17.Rae1 Rc8 18.Qe2 Re8 19.Qf3 d4 20.Ne4 Ncxe4 21.Bxe4 Nxe4
22.Rxe4 Bf6 23.Rfe1 Qd7 24.b3 Rf8 25.Be5 Bxe5 26.Rxe5 Rxc2 27.f6 d3 28.
fxg7 Rd8 29.h3 d2 30.Rd1 Rc1 31.Re3 Qc6 0-1

[Event "8th Lost Boys op"]
[Site "Amsterdam NED"]
[Date "2000.08.13"]
[Round "3"]
[White "Krnic, Zdenko"]
[Black "Azadmanesh, Moosa"]
[Result "1-0"]
[WhiteElo "2401"]
[BlackElo "2141"]
[EventDate "2000.08.11"]
[PlyCount "97"]

1.Nf3 b5 2.a4 bxa4 3.c4 Bb7 4.Nc3 c5 5.e4 Nf6 6.e5 Ne4 7.Bd3 Nxc3 8.dxc3 
g6 9.O-O Bg7 10.Re1 O-O 11.Ng5 Qc7 12.f4 Nc6 13.Qg4 h6 14.Nf3 e6 15.Rxa4 
Ne7 16.Nd2 d6 17.Qe2 dxe5 18.fxe5 Rad8 19.Be4 Bxe4 20.Nxe4 Qxe5 21.Rxa7 
Rfe8 22.Qf2 Qh5 23.Be3 Rd1 24.Ra1 Red8 25.Bxc5 Nc6 26.Raxd1 Rxd1 27.Qf1 
Rxe1 28.Qxe1 Ne5 29.Bd4 Nxc4 30.Bxg7 Kxg7 31.b3 Nb6 32.c4 Qf5 33.Qc3+ e5 
34.Nd2 Qf4 35.g3 Qd4+ 36.Qxd4 exd4 37.Kf2 Kf6 38.Nf3 Ke6 39.Nxd4+ Kd6 40.
Ke3 Kc5 41.Kd3 Nd7 42.Kc3 Ne5 43.b4+ Kb6 44.c5+ Kb7 45.b5 g5 46.Nf5 h5 47.
h4 f6 48.Kd4 Nf3+ 49.Kd5 1-0

[Event "8th Lost Boys op"]
[Site "Amsterdam NED"]
[Date "2000.08.13"]
[Round "3"]
[White "Burlage, Peter"]
[Black "Blees, Albert"]
[Result "0-1"]
[WhiteElo "2239"]
[BlackElo "2389"]
[EventDate "2000.08.11"]
[PlyCount "56"]

1.e4 c5 2.Nf3 d6 3.d4 cxd4 4.Nxd4 Nf6 5.Nc3 a6 6.Bg5 e6 7.f4 Nc6 8.Qd2 h6 
9.Bxf6 Qxf6 10.Nb3 g5 11.f5 g4 12.Be2 Ne5 13.O-O Qg5 14.Qd4 Bd7 15.Na5 Bc6
16.Bc4 Bg7 17.Qxd6 Rd8 18.Qb4 Nf3+ 19.Kh1 Qh4 20.Rxf3 g3 21.Qe7+ Kxe7 22.
Nxc6+ bxc6 23.Bxa6 Bxc3 24.bxc3 Rd2 25.Bd3 Ra8 26.a4 Rxa4 27.Raf1 exf5 28.
exf5 Kf6 0-1

[Event "8th Lost Boys op"]
[Site "Amsterdam NED"]
[Date "2000.08.13"]
[Round "3"]
[White "Kottke, Markus"]
[Black "Wippermann, Till"]
[Result "1-0"]
[WhiteElo "2228"]
[BlackElo "2306"]
[EventDate "2000.08.11"]
[PlyCount "75"]

1.e4 c5 2.Nf3 d6 3.d4 cxd4 4.Nxd4 Nf6 5.Nc3 g6 6.Be3 Bg7 7.f3 Nc6 8.Qd2 
O-O 9.O-O-O d5 10.Nxc6 bxc6 11.exd5 Nxd5 12.Nxd5 cxd5 13.Qxd5 Qc7 14.Qc5 
Qb7 15.b3 Bf5 16.Bd3 Rfc8 17.Qa5 Bxd3 18.Rxd3 Qc6 19.c4 Qf6 20.Bd4 e5 21.
Bb2 Qf5 22.Rhd1 Qf4+ 23.Kc2 Qxh2 24.R1d2 h5 25.Rd5 Re8 26.Rd7 a6 27.c5 Bh6
28.Re2 Rac8 29.Qc3 Qg1 30.b4 Bf4 31.Qc4 Re6 32.a4 a5 33.Rd1 Qh2 34.b5 Qh4 
35.Rd7 Qf6 36.Kb3 Qf5 37.c6 e4 38.Rxe4 1-0

[Event "8th Lost Boys op"]
[Site "Amsterdam NED"]
[Date "2000.08.13"]
[Round "3"]
[White "Sadewasser, Axel"]
[Black "l`Ami, Erwin"]
[Result "0-1"]
[WhiteElo "2211"]
[BlackElo "2295"]
[EventDate "2000.08.11"]
[PlyCount "79"]

1.d4 Nf6 2.c4 g6 3.g3 Bg7 4.Bg2 d5 5.cxd5 Nxd5 6.e4 Nb6 7.d5 O-O 8.Ne2 c6 
9.O-O Bg4 10.Nbc3 Qd7 11.Qb3 cxd5 12.exd5 Rc8 13.Nf4 Bf5 14.Be3 Nc4 15.
Rac1 Na6 16.Rfe1 Nxe3 17.Rxe3 Bd4 18.Re2 Rab8 19.Rce1 Bc5 20.Ne4 Bxe4 21.
Rxe4 Bd6 22.Nd3 Nc5 23.Nxc5 Rxc5 24.Rc4 Rxc4 25.Qxc4 Rc8 26.Qe2 Qf5 27.Be4
Qf6 28.b3 Rc3 29.Kg2 a6 30.Rd1 Qe5 31.Rd2 Kg7 32.Rc2 Rxc2 33.Qxc2 b6 34.
Bf3 Bc5 35.Qe2 Qd4 36.b4 Qxb4 37.Qxa6 b5 38.Qc8 Qd4 39.Kh3 Qxf2 40.Bg2 0-1

[Event "8th Lost Boys op"]
[Site "Amsterdam NED"]
[Date "2000.08.13"]
[Round "3"]
[White "Rubingh, Otto"]
[Black "Byklum, Bjornar"]
[Result "1-0"]
[WhiteElo "2264"]
[BlackElo "2127"]
[EventDate "2000.08.11"]
[PlyCount "81"]

1.d4 Nf6 2.Nf3 c5 3.c3 b6 4.Bf4 g6 5.Nbd2 Bb7 6.e3 Bg7 7.Qb3 Qc8 8.Bd3 O-O
9.O-O d6 10.h3 Nc6 11.e4 Nh5 12.Be3 e5 13.dxe5 dxe5 14.Rfe1 Qc7 15.a4 Rad8
16.Bf1 Na5 17.Qa2 Qe7 18.Nc4 Nxc4 19.Bxc4 Bxe4 20.Bg5 Qb7 21.Rxe4 Qxe4 22.
Bxd8 Rxd8 23.Bxf7+ Kh8 24.Re1 Qf4 25.Qc4 Bf6 26.Bd5 Kg7 27.Be4 Be7 28.Qa6 
Rd7 29.Qc8 Nf6 30.g3 Qh6 31.Kg2 Bd6 32.Qc6 Bc7 33.h4 Re7 34.Ng5 Bb8 35.Rd1
Qh5 36.Bf3 Qh6 37.Rd8 e4 38.Nxe4 Nxe4 39.Bxe4 Bxg3 40.fxg3 Qe3 41.Bf3 1-0

[Event "8th Lost Boys op"]
[Site "Amsterdam NED"]
[Date "2000.08.14"]
[Round "4"]
[White "Nep, Ron"]
[Black "Milov, Vadim"]
[Result "0-1"]
[WhiteElo "2192"]
[BlackElo "2626"]
[EventDate "2000.08.11"]
[PlyCount "68"]

1.d4 Nf6 2.Nf3 d5 3.c4 e6 4.Nc3 Bb4 5.Bg5 Nbd7 6.cxd5 exd5 7.e3 c5 8.Bb5 
Qa5 9.Bxd7+ Nxd7 10.O-O c4 11.Qc2 O-O 12.Bh4 Re8 13.Rfe1 Nf8 14.Nd2 Bd7 
15.Rac1 b5 16.f3 Bc6 17.Bf2 Ne6 18.Nf1 Rad8 19.Ng3 Bf8 20.a3 Qc7 21.b4 a5 
22.Rb1 axb4 23.axb4 Ra8 24.Nh5 Qd8 25.e4 Nc7 26.e5 Qg5 27.Ng3 Ra3 28.Re3 
Rea8 29.f4 Qd8 30.Nh5 Ne8 31.f5 Qg5 32.Rh3 g6 33.f6 Bd7 34.Be3 Qf5 0-1

[Event "8th Lost Boys op"]
[Site "Amsterdam NED"]
[Date "2000.08.14"]
[Round "4"]
[White "Meijers, Viesturs"]
[Black "Solleveld, Maarten"]
[Result "1-0"]
[WhiteElo "2478"]
[BlackElo "2426"]
[EventDate "2000.08.11"]
[PlyCount "81"]

1.e4 e5 2.Nf3 Nc6 3.Bb5 a6 4.Bxc6 dxc6 5.O-O Bg4 6.h3 h5 7.d3 Qf6 8.Nbd2 
Ne7 9.Nc4 Bxf3 10.Qxf3 Qxf3 11.gxf3 Ng6 12.Be3 f6 13.Rfd1 Bd6 14.Kf1 Nh4 
15.Ke2 g5 16.d4 exd4 17.Nxd6+ cxd6 18.Rxd4 O-O-O 19.Rad1 Kc7 20.f4 g4 21.
hxg4 hxg4 22.Rh1 Rde8 23.Rhd1 Rd8 24.e5 Nf5 25.exd6+ Rxd6 26.Rxd6 Nxd6 27.
Bb6+ Kxb6 28.Rxd6 f5 29.Rf6 Rh2 30.Kf1 Rh1+ 31.Kg2 Rc1 32.c3 Rc2 33.Rxf5 
Rxb2 34.Re5 Kc7 35.Kg3 Kd6 36.Re3 Rxa2 37.f5 Ra5 38.Kxg4 Ra2 39.Kg3 Ra5 
40.Kf4 Ra2 41.f3 1-0

[Event "8th Lost Boys op"]
[Site "Amsterdam NED"]
[Date "2000.08.14"]
[Round "4"]
[White "Van der Werf, Mark"]
[Black "Piket, Jeroen"]
[Result "1/2-1/2"]
[WhiteElo "2429"]
[BlackElo "2649"]
[EventDate "2000.08.11"]
[PlyCount "72"]

1.d4 Nf6 2.c4 e6 3.Nf3 d5 4.Bg5 dxc4 5.Nc3 Bb4 6.e3 b5 7.a4 c6 8.Nd2 a6 9.
axb5 cxb5 10.Nxb5 axb5 11.Rxa8 Bb7 12.Bxf6 gxf6 13.Ra1 e5 14.Qh5 Nc6 15.
Rd1 exd4 16.Qxb5 c3 17.bxc3 dxc3 18.Qxb7 cxd2+ 19.Ke2 Qd5 20.Qc8+ Ke7 21.
Qc7+ Ke6 22.Qf4 Qb5+ 23.Kf3 Qd5+ 24.Ke2 Qb5+ 25.Kf3 Ne5+ 26.Kg3 Rg8+ 27.
Kh3 Qb7 28.e4 Ke7 29.Be2 Qc8+ 30.Qf5 Qc3+ 31.g3 Rg5 32.Qf4 Ng6 33.Qe3 Qxe3
34.fxe3 Re5 35.Bf3 Rc5 36.Rb1 Ba3 1/2-1/2

[Event "8th Lost Boys op"]
[Site "Amsterdam NED"]
[Date "2000.08.14"]
[Round "4"]
[White "Tregubov, Pavel"]
[Black "Ree, Hans"]
[Result "1-0"]
[WhiteElo "2620"]
[BlackElo "2417"]
[EventDate "2000.08.11"]
[PlyCount "57"]

1.d4 g6 2.Nf3 Bg7 3.e4 d6 4.Bc4 Nf6 5.Qe2 O-O 6.h3 Nc6 7.O-O Nd7 8.Rd1 Nb6
9.Bb3 Na5 10.Nc3 Bd7 11.Bf4 Qc8 12.a4 c5 13.dxc5 Qxc5 14.e5 Nxb3 15.cxb3 
dxe5 16.Be3 Qc6 17.Rac1 Bf5 18.g4 Be6 19.Nb5 Qe4 20.Ng5 Qb4 21.Nxe6 fxe6 
22.Nc7 Rac8 23.Nxe6 Rxc1 24.Rxc1 Rc8 25.Rxc8+ Nxc8 26.Qc2 Nd6 27.Qc7 Ne4 
28.Qc8+ Kf7 29.Nd8+ 1-0

[Event "8th Lost Boys op"]
[Site "Amsterdam NED"]
[Date "2000.08.14"]
[Round "4"]
[White "Hillarp Persson, Tiger"]
[Black "Konguvel, Ponnuswamy"]
[Result "1/2-1/2"]
[WhiteElo "2549"]
[BlackElo "2377"]
[EventDate "2000.08.11"]
[PlyCount "121"]

1.d4 Nf6 2.c4 g6 3.Nc3 Bg7 4.e4 d6 5.f3 O-O 6.Nge2 e5 7.Bg5 c6 8.Qd2 Nbd7 
9.O-O-O a6 10.d5 Nb6 11.Ng3 cxd5 12.cxd5 Bd7 13.Kb1 Na4 14.Nxa4 Bxa4 15.
Rc1 a5 16.Bd3 Qb8 17.h4 h5 18.Bh6 Qd8 19.Rh3 Kh7 20.Bg5 Bd7 21.Rhh1 b5 22.
Rhd1 Qb6 23.Be3 Qb7 24.Nh1 b4 25.Nf2 Rfc8 26.Rxc8 Rxc8 27.Qe2 Rc7 28.g4 a4
29.Rc1 Rxc1+ 30.Bxc1 hxg4 31.fxg4 Qc8 32.g5 Nh5 33.Qc2 Qxc2+ 34.Kxc2 Nf4 
35.Bf1 f6 36.Bd2 fxg5 37.hxg5 Bf8 38.Nd3 Nxd3 39.Bxd3 Be7 40.Bxb4 Bxg5 41.
Bxd6 Bf4 42.b4 axb3+ 43.axb3 g5 44.b4 g4 45.b5 g3 46.Bc5 Kg6 47.b6 Bc8 48.
Bb5 g2 49.Bd7 Bh2 50.Bxc8 g1=Q 51.Bxg1 Bxg1 52.b7 Ba7 53.Kb3 Kf6 54.Kc4 
Ke7 55.Kb5 Kd6 56.Ka6 Bb8 57.Kb6 Ke7 58.Kc6 Bd6 59.Bh3 Bb8 60.Kb6 Kd6 61.
Bf5 1/2-1/2

[Event "8th Lost Boys op"]
[Site "Amsterdam NED"]
[Date "2000.08.14"]
[Round "4"]
[White "Schmaltz, Roland"]
[Black "Leer-Salvesen, Bjarte"]
[Result "1-0"]
[WhiteElo "2523"]
[BlackElo "2277"]
[EventDate "2000.08.11"]
[PlyCount "69"]

1.e4 e6 2.d4 d5 3.Nc3 Bb4 4.e5 c5 5.a3 Bxc3+ 6.bxc3 Qc7 7.Nf3 b6 8.Bb5+ 
Bd7 9.Bd3 Ba4 10.dxc5 bxc5 11.c4 Ne7 12.O-O Nbc6 13.cxd5 Nxd5 14.Re1 Rd8 
15.Qe2 Nd4 16.Nxd4 cxd4 17.Qe4 Qc5 18.c4 Ne7 19.Qg4 O-O 20.Bg5 Rd7 21.Qh5 
Ng6 22.Bd2 a5 23.Qh3 Bc6 24.Qg3 Rb8 25.h4 Rb3 26.h5 Rxd3 27.Qxd3 Nxe5 28.
Qg3 Nxc4 29.Rab1 Qf8 30.Rb8 Rd8 31.Reb1 Nd6 32.Rxd8 Qxd8 33.Bxa5 Qd7 34.
Rb8+ Ne8 35.h6 1-0

[Event "8th Lost Boys op"]
[Site "Amsterdam NED"]
[Date "2000.08.14"]
[Round "4"]
[White "Berkvens, Joost"]
[Black "David, Alberto"]
[Result "0-1"]
[WhiteElo "2364"]
[BlackElo "2487"]
[EventDate "2000.08.11"]
[PlyCount "50"]

1.e4 c5 2.Nf3 Nc6 3.d4 cxd4 4.Nxd4 Nf6 5.Nc3 d6 6.Be3 g6 7.f3 Bg7 8.Qd2 
O-O 9.g4 Be6 10.Nxe6 fxe6 11.Be2 Qa5 12.O-O-O b5 13.Kb1 Rab8 14.g5 Nd7 15.
Rdf1 Nde5 16.Nd1 Qxd2 17.Bxd2 Nd4 18.f4 Nxe2 19.fxe5 Bxe5 20.Be3 a6 21.Nf2
Bf4 22.Bxf4 Nxf4 23.c3 e5 24.Kc2 Ne6 25.h4 Rf4 0-1